| 000 | 00716nam a2200181 a 4500 | ||
|---|---|---|---|
| 005 | 20140414132111.0 | ||
| 008 | 110513s19uu xx 00 eng d | ||
| 020 | _a9780822571322 | ||
| 050 |
_aTR _bC57 2007 |
||
| 100 | _aJarman, Julia. | ||
| 245 |
_aClass Two at the zoo / _cby Julia Jarman ; illustrations by Lynne Chapman. |
||
| 260 |
_aNew York : _bScholastic , _c2007. |
||
| 520 | _aWhile the students and teachers of Class Two are absorbed in looking at various zoo animals, a sneaky anaconda gobbles them up, until Molly sees what is happening and saves the day. | ||
| 650 |
_aZoos _x Juvenile fiction. |
||
| 650 |
_aSchool field trips _xJuvenile fiction. |
||
| 650 | _aHumorous stories. | ||
| 999 |
_c114751 _d114751 |
||